| 000 | 01025cab a2200229 4500 | ||
|---|---|---|---|
| 001 | ABS68587 | ||
| 008 | 041215n2004 000 0 eng u | ||
| 035 | _a(Sirsi) u128306 | ||
| 100 | _aRedfern, B. | ||
| 245 | _aDisposable income | ||
| 260 | _c2004 | ||
| 490 |
_aNew Civil Engineer _v18 November 2004, 28(1) |
||
| 520 | _aReports on the Landfill Allowance Trading Scheme (LATS) which allows surplus biodegradeable waste to be traded between local waste disposal waste authorities. The landfill directive (Directive 99/31/EC) aims to reduce the amount of biodegradeable waste sent to landfill. In the UK, each authority has been given an annual allowance. To assist in reaching the UK targets for reduction, government has introduced LATS. | ||
| 590 | _aABS | ||
| 650 | _aWASTE DISPOSAL | ||
| 650 | _aDIRECTIVE 99/31/EC | ||
| 650 | _aWASTE MINIMISATION | ||
| 650 | _aWASTE DISPOSAL AUTHORITIES | ||
| 650 | _aBIODEGRADABLE WASTE | ||
| 690 | _aENVIRONMENTAL AND LAND CONSULTANCY-WASTE MANAGEMENT | ||
| 942 | _n0 | ||
| 999 |
_c74672 _d74672 |
||